| 000 | 00538cab a2200217 4500 | ||
|---|---|---|---|
| 001 | X59 | ||
| 008 | 090401t1991 xxu||||| |||| 00| 0 eng d | ||
| 035 | _a(Sirsi) u44847 | ||
| 041 | _aeng | ||
| 100 | _aBarbalich, R. | ||
| 245 | _aBuying a property in Italy | ||
| 260 | _c1991 | ||
| 350 | _a0 | ||
| 490 |
_aSolicitors` Journal _v135 (43) 8 November 1991, 1218-1219(2) |
||
| 650 | _aITALY | ||
| 650 | _aPROPERTY PURCHASE | ||
| 690 | _aOVERSEAS-EUROPE | ||
| 690 | _aPROPERTY LAW AND PRACTICE | ||
| 942 | _n0 | ||
| 948 | _c04/03/1997 | ||
| 999 |
_c28497 _d28497 |
||